Premier League Trivia - Statistics

General Stats
  • This quiz has been taken 39 times
  • The average score is 13 of 16
Answer Stats
Hint Answer % Correct
Which team has gone invincible (no losses)? Arsenal
100%
Which team won the title in 2015/16? Leicester City
100%
Which team has won it the most times? Manchester United
100%
Which team conceded only 15 goals in a season? Chelsea
97%
Which "Big 6" team has been relegated? Manchester City
97%
Who won the premier league in 2019/20? Liverpool
94%
Who has scored the most goals? Alan Shearer
92%
And in that game who scored the winning goal? Sergio Aguero
92%
How many premier leagues has Manchester United won? 13
89%
Who did Manchester City beat to win the title in 2011/12? QPR
89%
Which player has made the most appearances? Gareth Barry
81%
Which goalkeeper has the most clean sheets? Petr Cech
75%
Who is the fastest player to score a hat trick? Sadio Mane
72%
Who has the most assists of all time? Ryan Giggs
67%
Which goalkeeper has the most clean sheets in a row? Edwin Van Der Sar
56%
Which player scored a hat trick for QPR against Everton on the 20th of November 1993? Bradley Allen
8%
No matching quizzes found
Score Distribution
Percent of People with Each Score
Percentile by Number Answered
Your Score History
You have not taken this quiz